Music Quiz

Random Music or Song Quiz

'S' Band and Singer 10 to 1 Quiz Stats

 Plays Quiz not verified by Sporcle

Score 0/55 Timer 06:00
0 Plays Today
% Correct
Superstition
94.4%
I Just Called To Say I Love You
93.9%
Bridge Over Troubled Water
92%
You Are the Sunshine of My Life
91.5%
Ebony and Ivory
90%
Signed, Sealed, Delivered I'm Yours
90%
Mrs. Robinson
89.7%
Anarchy In the U.K.
88.9%
Sounds of Silence
88%
Black Magic Woman
85.5%
Black Hole Sun
85.2%
Born To Be Wild
84.5%
God Save the Queen
84.2%
Cecelia
83.9%
The Joker
83.9%
Abracadabra
83.5%
Part-Time Lover
83.2%
Fly Like an Eagle
82.4%
The Boxer
81%
Sir Duke
80.7%
Mr. Roboto
80.1%
Come Sail Away
79.8%
You Can't Hurry Love
79.8%
Oye Como Va
79.4%
Smooth
76.9%
Take the Money and Run
76.2%
The Only Living Boy in New York
75.9%
Magic Carpet Ride
75.3%
% Correct
Interstate Love Song
74.5%
I Am a Rock
73.8%
Maria Maria
71.9%
America
71.4%
Higher Ground
70.9%
Babe
70.7%
Plush
69.1%
Jet Airliner
68.3%
Jungle Love
67.7%
Vasoline
66.4%
April Come She Will
66%
Creep
64.7%
Rock'n Me
64.2%
Renegade
60.9%
Lady
60.4%
Sex Type Thing
60.1%
Living For the City
59.8%
Too Much Time On My Hands
59.8%
Fell On Black Days
59.4%
Big Empty
59%
Spoonman
59%
Swingtown
57.1%
Dead & Bloated
56.3%
I Wish
54.7%
Pretty Vacant
52.9%
Holidays In the Sun
48.9%
Bodies
43.7%

You're not logged in!

Compare scores with friends on all Sporcle quizzes.
OR
Log In

Sporcle TV

Today on Sporcle TV


Watch our educational content, quiz creation guides, and fun videos on Sporcle TV.

Show Comments

Extras

Top Quizzes Today


Score Distribution

Your Account Isn't Verified!

In order to create a playlist on Sporcle, you need to verify the email address you used during registration. Go to your Sporcle Settings to finish the process.

Report this User

Report this user for behavior that violates our Community Guidelines.

Details: